Woody Allen : Hannah y sus hermanas : Hannah and Her Sisters /

Nacido en 1935 en Nueva York en el seno de un familia judía centroeuropea, el norteamericano Woody Allen comenzó en 1967 su carrera como director de cine. Ubicadas plenamente en el ámbito de la comedia, las seis películas que integran su primera etapa como realizador le permiten crear un personaje q...

Descripción completa

Guardado en:
Detalles Bibliográficos
Autor principal: Fernández Labayen, Miguel (autor)
Formato: Libro
Idioma:Español
Publicado: Barcelona, España : Paidós, 2005, c2005
Colección:(Paidós Películas ; 28)
Temas:
Etiquetas: Agrega una etiqueta
Sin etiquetas, Sé el primero en etiquetar este registro!

MARC

LEADER 00000nam^a2200000^a^4500
001 000182965
005 20250521000000.0
009 20260310102024.43
020 |a 84-493-1734-7 
037 |a Acervo ITESO - Biblioteca 
041 |a ESP 
082 |a 302. 23509  |b PAI V. 28 
100 |a Fernández Labayen, Miguel  |e (autor) 
245 1 0 |a Woody Allen :  |b Hannah y sus hermanas : Hannah and Her Sisters /  |c M. Fernández Labayen. 
264 4 |a Barcelona, España :  |b Paidós,  |c 2005, c2005 
300 |a 132 p. 
336 |a texto  |b txt  |2 rdacontenido 
337 |a sin mediación  |b n  |2 rdamedio 
338 |a volumen  |b nc  |2 rdasoporte 
440 1 |a (Paidós Películas ;  |v 28) 
520 |a Nacido en 1935 en Nueva York en el seno de un familia judía centroeuropea, el norteamericano Woody Allen comenzó en 1967 su carrera como director de cine. Ubicadas plenamente en el ámbito de la comedia, las seis películas que integran su primera etapa como realizador le permiten crear un personaje que alcanza gran popularidad y se instala definitivamente en su filmografía: el hombre tímido con un marcado aire judío, obsesionado por el sexo y el psicoanálisis, que se entiende mal con las mujeres y la vida práctica. Annie Hall (1977) demarcará un nuevo rumbo en su obra -que conserva el humor como uno de sus principales elementos, pero sin empeñarse en hacer reir a toda costa- y le ubicará como uno de los principales autores surgidos en la industria norteamericana durante la década de 1970. A partir de entonces, Allen ha filmado, con total libertad, una película por año. Manhattan (1979), uno de sus mayores éxitos de crítica, cierra la primera etapa de su colaboración con la actriz Diane Keaton, protagonista también de Annie Hall. El período 1982-1992 comprende su fructífera relación creativa con Mia Farrow, que incluye títulos como La rosa púrpura de El Cairo (1984), Hannah y sus hermanas (1986), Crímenes y pecados (1989) y Maridos y esposas (1992). Allen ha mantenido su reputación como un guionista sumamente ingenioso y un agudo observador de las relaciones de pareja, que en el más reciente tramo de su carrera ha ofrecido títulos tan significativos como Los enredos de Harry (1997). 
649 |a XX 
650 |a Cineastas Norteamericanos 
650 |a Comedias Cinematográficas -  |z EUA -  |x Historia y Crítica 
650 |a Cine Norteamericano -  |x Historia y Crítica 
650 |a Cine Norteamericano -  |y 1980-1989 
650 |a Cine Norteamericano -  |y Siglo XX 
650 |a Allen, Woody -  |x Tema Principal 
910 |a Fondo General 
920 |a Impresos - Libros 
930 |a Colección General 
905 |a 101 
901 |a 0500123155  |b IT1  |c ACC  |u 20250521 
902 |a https://opac.biblio.iteso.mx/vufind/Record/000182965